[Event "Cairo Egyptian op"]
[Site "Cairo"]
[Date "2016.04.23"]
[Round "2"]
[White "Mohamed, Tamer"]
[Black "Yasseen, Aly"]
[Result "0-1"]
[WhiteElo "2000"]
[BlackElo "2265"]
[PlyCount "102"]
[EventDate "2016.04.22"]
[EventType "swiss"]
[EventRounds "9"]
[EventCountry "EGY"]
[SourceTitle "CBM 172 Extra"]
[Source "ChessBase"]
[SourceDate "2016.06.21"]
[SourceVersion "1"]
[SourceVersionDate "2016.06.21"]
[SourceQuality "1"]

1. Nf3 c5 2. g3 g6 3. Bg2 Bg7 4. 0-0 e5 5. d3 Ne7 6. e4 0-0 7. Nc3 Nbc6 8. Be3 d6 9. Qd2 f5 10. Bh6 f4 11. Bxg7 Kxg7 12. Ne2 Bg4 13. c3 Bxf3 14. Bxf3 g5 15. gxf4 exf4 16. d4 Ng6 17. Kh1 Qe7 18. Ng1 Qf6 19. Rad1 Rae8 20. Rfe1 Re7 21. Bg4 Nh4 22. Nf3 Nxf3 23. Bxf3 Kh8 24. Bg4 Qg6 25. f3 Qf7 26. b3 h5 27. Bf5 Qf6 28. Rg1 Rg7 29. Qf2 Ne7 30. Bh3 b6 31. Rd2 Rfg8 32. Re1 g4 33. fxg4 hxg4 34. Bf1 Qh6 35. dxc5 bxc5 36. Bc4 Rf8 37. Red1 Rf6 38. b4 cxb4 39. e5 dxe5 40. Rd8+ Ng8 41. Bxg8 Rxg8 42. Rxg8+ Kxg8 43. Qxa7 Rf8 44. Qd7 g3 45. Qd5+ Rf7 46. Qg2 bxc3 47. Kg1 Qxh2+ 48. Qxh2 gxh2+ 49. Kxh2 Rc7 50. Rc1 Kh7 51. a4 e4 0-1

[Event "Alexandria op 18th"]
[Site "Alexandria"]
[Date "2012.09.02"]
[Round "7"]
[White "Fawzy, Adham"]
[Black "Mohamed, Tamer"]
[Result "1-0"]
[WhiteElo "1826"]
[BlackElo "2038"]
[PlyCount "109"]
[EventDate "2012.08.27"]
[EventType "swiss"]
[EventRounds "9"]
[EventCountry "EGY"]
[SourceTitle "CBM 150 Extra"]
[Source "ChessBase"]
[SourceDate "2012.10.19"]
[SourceVersion "1"]
[SourceVersionDate "2012.10.19"]
[SourceQuality "1"]

1. e4 d6 2. d4 Nf6 3. Nc3 g6 4. f4 Bg7 5. Nf3 0-0 6. Bd3 Na6 7. 0-0 c5 8. d5 Bg4 9. Be2 Nc7 10. a4 a6 11. h3 Bd7 12. e5 dxe5 13. fxe5 Nh5 14. Be3 Ng3 15. Re1 Nxe2+ 16. Qxe2 b6 17. a5 Nb5 18. Na4 Nd4 19. Bxd4 Bxa4 20. Rxa4 b5 21. Raa1 cxd4 22. Qe4 f6 23. exf6 exf6 24. Qe6+ Kh8 25. Nxd4 f5 26. Nc6 Qc7 27. c3 f4 28. Qe7 Qc8 29. Ne5 Qf5 30. Qe6 Rad8 31. Qxf5 Rxf5 32. Nc6 f3 33. Nxd8 f2+ 34. Kh2 fxe1Q 35. Rxe1 Bf6 36. d6 Kg8 37. Re8+ Kg7 38. Nb7 Rd5 39. Ra8 Be5+ 40. g3 Rd2+ 41. Kh1 Bxg3 42. Rxa6 Kh6 43. Ra8 Kg5 44. Rh8 h5 45. Nc5 Kh4 46. d7 Bc7 47. b4 Kxh3 48. Kg1 g5 49. Rxh5+ Kg4 50. Rxg5+ Kf3 51. Rf5+ Kg4 52. Rf8 Rd5 53. a6 Kg3 54. Ne4+ Kh3 55. Rh8+ 1-0